000 01311nam a2200325 a 4500
003 OSt
005 20210818181623.0
008 170207s2016 ck d gr 000 0 spa d
020 _a9789587222548
040 _bspa
_aCOMFC
_erda
100 1 _aCisneros Estupiñan, Mireya
_948610
_eaut
245 1 0 _aDidáctica de la lengua materna en Colombia :
_bcurrículos y visiones docentes /
_cMireya Cisneros Estupiñán, Ilene Rojas García, Giohanny Olave Arias.
260 _aPereira :
_bUniversidad Tecnológica de Pereira. Facultad de Ciencias de la Educación,
_c2016.
300 _a117 páginas :
_bgráficas ;
_c23 cm
336 _2rdacontent
_atxt
337 _2rdamedia
_an
338 _2rdacarrier
_anc
490 _aColección Trabajos de Investigación
504 _aIncluye referencias bibliográficas (páginas 111-117)
700 1 _aRojas García, Ilene.
700 1 _aOlave Arias, Giohanny.
082 0 4 _a401.93
_bC197d
650 4 _aAdquisición del lenguaje
_z Colombia.
650 4 _aAdquisición de segundo lenguaje
_z Colombia.
650 4 _aLinguística aplicada
_z Colombia.
650 4 _aAlfabetización (Educación)
_z Colombia.
650 4 _aLenguaje nativo
_x Enseñanza
_z Colombia.
942 _2ddc
_h401.93 C197d
_k401.93
_mC197d
949 _a
999 _c11558
_d11558